<?xml version="1.0" encoding="UTF-8"?>
<record
    xmlns:xsi="http://www.w3.org/2001/XMLSchema-instance"
    xsi:schemaLocation="http://www.loc.gov/MARC21/slim http://www.loc.gov/standards/marcxml/schema/MARC21slim.xsd"
    xmlns="http://www.loc.gov/MARC21/slim">

  <leader>01623nam a2200337 i 4500</leader>
  <controlfield tag="001">C00085966c</controlfield>
  <controlfield tag="005">20241029152843.0</controlfield>
  <controlfield tag="007">ta</controlfield>
  <controlfield tag="008">240116s1988    sp a          000 0dspa</controlfield>
  <datafield tag="040" ind1=" " ind2=" ">
    <subfield code="a">M-RABA </subfield>
    <subfield code="b">spa </subfield>
    <subfield code="c">M-RABA</subfield>
  </datafield>
  <datafield tag="245" ind1="0" ind2="0">
    <subfield code="a">Aire libre. Esculturas en la plaza : </subfield>
    <subfield code="b">Ruinas de Santa Mar&#xED;a, 11 al 21 de febrero, 1988 / </subfield>
    <subfield code="c">Fundaci&#xF3;n Colegio del Rey.</subfield>
  </datafield>
  <datafield tag="260" ind1=" " ind2=" ">
    <subfield code="a">Alcal&#xE1; de Henares : </subfield>
    <subfield code="b">Fundaci&#xF3;n Colegio del Rey, </subfield>
    <subfield code="c">[1988]</subfield>
  </datafield>
  <datafield tag="300" ind1=" " ind2=" ">
    <subfield code="a">12 p. : </subfield>
    <subfield code="b">il. bl. y n. ; </subfield>
    <subfield code="c">26 cm.</subfield>
  </datafield>
  <datafield tag="500" ind1=" " ind2=" ">
    <subfield code="a">"Este montaje forma parte de ARCO'88 en la secci&#xF3;n Madrid en vanguardia"-- Anteportada.</subfield>
  </datafield>
  <datafield tag="500" ind1=" " ind2=" ">
    <subfield code="a">Incluye la obra de los escultores madrile&#xF1;os: Jes&#xFA;s Avecilla, Francisco Bar&#xF3;n, Gin&#xE9;s Castillo, David Lechuga, Carmen Osuna, Jes&#xFA;s Prades, Miguel Angel S&#xE1;nchez, Ignacio Van Aerssen y Jorge Varas.</subfield>
  </datafield>
  <datafield tag="600" ind1="1" ind2="4">
    <subfield code="a">Varas, Jorge, </subfield>
    <subfield code="e">escultor.</subfield>
    <subfield code="9">26204</subfield>
  </datafield>
  <datafield tag="600" ind1="1" ind2="4">
    <subfield code="a">Aerssen, Ignacio van (</subfield>
    <subfield code="d">1957-), </subfield>
    <subfield code="e">escultor.</subfield>
    <subfield code="9">64525</subfield>
  </datafield>
  <datafield tag="600" ind1="1" ind2="4">
    <subfield code="a">Bar&#xF3;n, Francisco (</subfield>
    <subfield code="d">1931-2006), </subfield>
    <subfield code="e">escultor.</subfield>
    <subfield code="9">129</subfield>
  </datafield>
  <datafield tag="600" ind1="1" ind2="4">
    <subfield code="a">Lechuga, David, </subfield>
    <subfield code="e">escultor.</subfield>
    <subfield code="9">24875</subfield>
  </datafield>
  <datafield tag="600" ind1="1" ind2="4">
    <subfield code="a">Prades, Jes&#xFA;s (</subfield>
    <subfield code="d">1959-), </subfield>
    <subfield code="e">escultor.</subfield>
    <subfield code="9">64526</subfield>
  </datafield>
  <datafield tag="600" ind1="1" ind2="4">
    <subfield code="a">S&#xE1;nchez Dom&#xED;nguez, Miguel &#xC1;ngel (</subfield>
    <subfield code="d">1946-), </subfield>
    <subfield code="e">escultor.</subfield>
    <subfield code="9">64527</subfield>
  </datafield>
  <datafield tag="600" ind1="1" ind2="4">
    <subfield code="a">Avecilla, Jes&#xFA;s (</subfield>
    <subfield code="d">1941-), </subfield>
    <subfield code="e">escultor.</subfield>
    <subfield code="9">64529</subfield>
  </datafield>
  <datafield tag="600" ind1="1" ind2="4">
    <subfield code="a">Castillo, Gin&#xE9;s (</subfield>
    <subfield code="d">1960-)</subfield>
    <subfield code="9">64530</subfield>
  </datafield>
  <datafield tag="600" ind1="1" ind2="4">
    <subfield code="a">Osuna, Carmen, </subfield>
    <subfield code="e">escultor.</subfield>
    <subfield code="9">27055</subfield>
  </datafield>
  <datafield tag="650" ind1=" " ind2="4">
    <subfield code="a">Escultura espa&#xF1;ola-</subfield>
    <subfield code="y">S. XX-</subfield>
    <subfield code="x">Exposiciones.</subfield>
    <subfield code="9">77656</subfield>
  </datafield>
  <datafield tag="655" ind1=" " ind2=" ">
    <subfield code="a">Cat&#xE1;logos de exposiciones.</subfield>
    <subfield code="9">45336</subfield>
  </datafield>
  <datafield tag="710" ind1="1" ind2=" ">
    <subfield code="a">Fundaci&#xF3;n Colegio del Rey (</subfield>
    <subfield code="c">Alcal&#xE1; de Henares)</subfield>
    <subfield code="9">3681</subfield>
  </datafield>
  <datafield tag="852" ind1="4" ind2=" ">
    <subfield code="a">M-RABA      </subfield>
    <subfield code="d">3/h AIR        </subfield>
    <subfield code="j">F-15144</subfield>
  </datafield>
  <datafield tag="952" ind1=" " ind2=" ">
    <subfield code="0">0</subfield>
    <subfield code="1">0</subfield>
    <subfield code="4">0</subfield>
    <subfield code="7">0</subfield>
    <subfield code="8">NOR</subfield>
    <subfield code="a">RABASF</subfield>
    <subfield code="b">RABASF</subfield>
    <subfield code="c">DP2</subfield>
    <subfield code="d">2024-01-16</subfield>
    <subfield code="e">O</subfield>
    <subfield code="l">0</subfield>
    <subfield code="o">F-15144</subfield>
    <subfield code="p">1091796</subfield>
    <subfield code="r">2024-10-15 10:09:06</subfield>
    <subfield code="w">2024-10-15</subfield>
    <subfield code="y">FONDOMODER</subfield>
  </datafield>
  <datafield tag="999" ind1=" " ind2=" ">
    <subfield code="c">82279</subfield>
    <subfield code="d">82279</subfield>
  </datafield>
</record>
